logo

Bir Sreshtho Munshi Abdur Rouf Library
Jhenaidah Cadet College

General biology / (Record no. 5633)

MARC details
000 -LEADER
fixed length control field 00730cam a2200253I 4500
001 - CONTROL NUMBER
JCCL Control Number 5633
003 - CONTROL NUMBER IDENTIFIER
JCCL marc code BD-JhCC
005 - DATE AND TIME OF LATEST TRANSACTION
control field 20180402193355.0
008 - FIXED-LENGTH DATA ELEMENTS--GENERAL INFORMATION
fixed length control field 721003s1961 nyua 000 0 eng
035 ## - SYSTEM CONTROL NUMBER
system control number (BD-JhCC)5633
040 ## - CATALOGING SOURCE
Original cataloging agency DLC
Transcribing agency URB
Modifying agency OCL
-- UKM
-- CUD
-- BD-JhCC
041 ## - LANGUAGE CODE
Language code of Book eng
050 00 - LIBRARY OF CONGRESS CALL NUMBER
Classification number QH308
Item number .S83 1961
082 #0 - DEWEY DECIMAL CLASSIFICATION NUMBER
Classification number 574
Author mark and Year GEN 1956
100 1# - MAIN ENTRY--PERSONAL NAME
Personal name Wells, Harrington
Dates associated with a name 1886-1965.
245 10 - TITLE STATEMENT
Title General biology /
Statement of responsibility, etc Harrington Wells, Patrick H. Wells
260 ## - PUBLICATION, DISTRIBUTION, ETC. (IMPRINT)
Place of publication, distribution, etc New York :
Name of publisher, distributor, etc Wiley,
Date of publication, distribution, etc 1961.
300 ## - PHYSICAL DESCRIPTION
Pagination ix, 555 p.
Other physical details illus.
Dimensions 25 cm.
500 ## - GENERAL NOTE
General note Earlier editions by Perry D. Strausbaugh and Bernal R. Weimer.
650 #0 - SUBJECT ADDED ENTRY--TOPICAL TERM
Topical term or geographic name as entry element Biology
700 1# - ADDED ENTRY--PERSONAL NAME
Personal name Wells, Patrick H
Dates associated with a name 1902-1984.
942 ## - ADDED ENTRY ELEMENTS (KOHA)
Source of classification or shelving scheme Dewey Decimal Classification
Koha item type Books
Holdings
Source of classification or shelving scheme Damaged status Not for loan Home library Current library Shelving location Source of acquisition Total Checkouts Full call number Barcode Date last seen Copy number Koha item type Date of accession
Dewey Decimal Classification     JCC Rouf Library JCC Rouf Library General Stacks Asia Foundation   574 GEN 1956 7744 12/19/2017 C-1 Books  
Dewey Decimal Classification     JCC Rouf Library JCC Rouf Library General Stacks     574 GEN 1956 9162 03/25/2018 C-2 Books 03/25/2018

JCC Library | Contacts | JCC Home

Last Update on 23 September 2017
Copyright @ 2017-2020 JCC Rouf Library
Rouf Library, Jhenidah Cadet College (JCC), Bangladesh